00862 2200253 4500001002100000005001700021008004100038035002400079082001100103090001700114100002300131245023700154260005000391300002800441500002900469650001900498700001600517700001700533850001500550980001100565985000600576986001300582999001300595YOGYA-0209000000776520090227021042.0 ind  0010-020900000007765 a305.08 a305.8bWid K aWIDIYANTO, Y.Sigit aKeberadaan paguyuban-paguyuban etnis di daerah perantauan dalam menunjang pembinaan persatuan dan kesatuanbKasus ikatan keluarga minang saiyo di Denpasar Bali, paguyuban etniscY.Sigit Widiyanto, Made purna Penyunting, Suprapti, Mc aJakartabDepartemen Pendidikan dan Kebudayaan axi, 71 hlmbilusc21 cm aBibliografi : hlm. 69-70 aHubungan etnik aPurna, Made aSuprapti, Mc aYOPDYOG(B) a130704 a1 aPkl-PPKP a04A00602